| 000 | 01805nam a2200313 a 4500 | ||
|---|---|---|---|
| 001 | BRCA_8738 | ||
| 005 | 20190320210402.0 | ||
| 008 | 220217s1789----sp-#######---#000-0#spa-# | ||
| 041 | _aspa | ||
| 044 | _asp | ||
| 084 |
_aBE96 _b.S47 1789 |
||
| 245 | 1 | 0 |
_aSermones del P. Carlos Frey de Neuville predicador de Luis XV, Rey de Francia _ctraducidos del francés por D. Juan Antonio Pellicer de la Real Biblioteca. |
| 260 |
_aMadrid _bPor Don Blas Roman _c1789 |
||
| 300 |
_a[1], 294 p. (t.7) _c21.3 x 15 cm |
||
| 500 | _aCon marca de fuego: “Procedencia de la marca: Colegio Jesuita de San Francisco Xavier de la Ciudad de Querétaro (1). Institución: Provincia Mexicana de la Compañía de Jesús. Descripción: Iniciales S. Xr. Q. que se desata como S[an] X[avie]r [de] Q[uerétaro.]. Observaciones: A falta de un testimonio de pertenencia se hace la atribución de la marca en función a la realizada por David Saavedra Vega. Se espera localizar otro ejemplar que corrobore esta atribución. Ubicación de la marca en el libro: Canto superior” | ||
| 500 | _aVendense en casa de D. Antonio Baylo calle de las Carretas. | ||
| 500 | _aCon las licencias necesarias. | ||
| 500 | _aEstado físico: presenta encuadernación en pergamino | ||
| 505 | 0 | _aContiene: t7. Panegiricos | |
| 600 | 1 | 4 |
_aFrey de Neuville, Charles _d1693-1774 _921752 |
| 650 | 1 | 4 |
_aIglesia católica _xSermones _921286 |
| 650 | 1 | 4 |
_aAño litúrgico _xSermones _921753 |
| 650 | 1 | 4 |
_aSermones _ySiglo XVIII _921754 |
| 700 | 1 |
_aPellicer, Juan Antonio _etr. _921755 |
|
| 700 | 1 |
_aRoman, Blas _eImpresor _921756 |
|
| 856 | _ahttp://www.marcasdefuego.buap.mx:8180/xmLibris/projects/firebrand/item.jsp?repository=marcas_de_fuego&key=marcas_de_fuego_marcas_de_fuego_20151006120916_4064.xml&num=5 | ||
| 902 | _aCFM | ||
| 942 |
_2lcc _cB |
||
| 999 |
_c8390 _d8390 |
||